NLSUI OPAC header image

Jayaprakash Narayana Ondu Apoorva Kranthiya Kathe: (Jayaprakash Narayan: The Story of an in Complete Revolution) (Record no. 120354)

MARC details
000 -LEADER
fixed length control field 00451nam a2200133Ia 4500
008 - FIXED-LENGTH DATA ELEMENTS--GENERAL INFORMATION
fixed length control field 200619s9999 xx 000 0 und d
020 ## - INTERNATIONAL STANDARD BOOK NUMBER
International Standard Book Number 8178770709
100 ## - MAIN ENTRY--PERSONAL NAME
Personal name Nagabhushana D.S.
245 #0 - TITLE STATEMENT
Title Jayaprakash Narayana Ondu Apoorva Kranthiya Kathe: (Jayaprakash Narayan: The Story of an in Complete Revolution)
264 ## - PRODUCTION, PUBLICATION, DISTRIBUTION, MANUFACTURE, AND COPYRIGHT NOTICE
Place of production, publication, distribution, manufacture Mysore
Name of producer, publisher, distributor, manufacturer Abhiruchi Prakashana
Date of production, publication, distribution, manufacture, or copyright notice 2008
300 ## - PHYSICAL DESCRIPTION
Extent 200
942 ## - ADDED ENTRY ELEMENTS (KOHA)
Koha item type CSSEIP Office Library Collection
Holdings
Withdrawn status Lost status Damaged status Not for loan Home library Current library Shelving location Date acquired Total Checkouts Barcode Date last seen Price effective from Koha item type
        . . CSSEIP Office Library 25.06.2020   CSSEIP816 23.06.2020 23.06.2020 CSSEIP Office Library Collection